00457nam a22001457a 4500020001800000082001500018100002300033245002900056260004100085300000800126650001600134942000700150952013700157999001700294 a9788170263816 a297.09 RAM aRamkumar, Natrajan aSpread of Islam in India aNew DelhibHeritage Publishersc2017 a333 aIslam-India cBK 001040708NFICaHMIbHMIcGENd2020-09-15eDasgupta Publishers, Kolkatag1195.00l0o297.09 RAMp25721r2020-09-28w2020-09-28yBK c23143d23143